000 00535nam a2200217Ia 4500
003 OSt
005 20220928145012.0
006 a|||||r|||| 00| 0
007 ta
008 220927b |||||||| |||| 00| 0 eng d
024 _a78193
037 _cTextual
040 _aSDCL
_cSDCL
_beng
041 _2eng
_aeng
082 _aO15,7:g, N2
100 _aDeshpande C R
_9511187
245 0 _aStudies in Champu literature.
260 _c1992
942 _hO15,7:g, N2
_cTEXL
_2CC
999 _c831414
_d831414